00320nam a2200121 a 4500008004100000020001500041050001800056100001800074245002800092246003100120260003800151350000900189120416s1999 ||||||||||||||||| || u a0074517120 aGB 1197.7 Kar aKaranth, K. R10aGround water assessment adevelopment and management aNew DelhibTata McGraw-Hillc1999 a0.00